Independent evaluation of IFC's development results 2009 (Record no. 50720)
[ view plain ]
| 000 -LEADER | |
|---|---|
| fixed length control field | 01665nam a2200373Ia 4500 |
| 245 00 - TITLE STATEMENT | |
| Title | Independent evaluation of IFC's development results 2009 |
| 260 ## - PUBLICATION, DISTRIBUTION, ETC. (IMPRINT) | |
| Place of publication | Washington, D.C. : |
| Name of publisher | International Finance Corporation, |
| Year of publication | 2009. |
| 300 ## - PHYSICAL DESCRIPTION | |
| Number of Pages | lxiv, 123 p. : |
| Other physical details | ill. |
| 500 ## - GENERAL NOTE | |
| General note | "This report was prepared by a team led by Daniel Crabtree"--P. xi. |
| 650 #0 - SUBJECT ADDED ENTRY--TOPICAL TERM | |
| Topical Term | Economic development projects |
| 700 1# - ADDED ENTRY--PERSONAL NAME | |
| Personal name | Crabtree, Dan. |
| 856 40 - ELECTRONIC LOCATION AND ACCESS | |
| Uniform Resource Identifier | http://site.ebrary.com/lib/rucke/Doc?id=10333715 |
No items available.
